<?xml version="1.0" encoding="UTF-8"?>
<record
    xmlns:xsi="http://www.w3.org/2001/XMLSchema-instance"
    xsi:schemaLocation="http://www.loc.gov/MARC21/slim http://www.loc.gov/standards/marcxml/schema/MARC21slim.xsd"
    xmlns="http://www.loc.gov/MARC21/slim">

  <leader>01937cam a2200277   4500</leader>
  <datafield tag="952" ind1=" " ind2=" ">
    <subfield code="0">0</subfield>
    <subfield code="1">0</subfield>
    <subfield code="2">ddc</subfield>
    <subfield code="4">0</subfield>
    <subfield code="7">0</subfield>
    <subfield code="8">NFIC</subfield>
    <subfield code="a">ASL</subfield>
    <subfield code="b">ASL</subfield>
    <subfield code="c">GEN</subfield>
    <subfield code="d">2021-02-27</subfield>
    <subfield code="e">ASB Library Collections</subfield>
    <subfield code="l">0</subfield>
    <subfield code="o">954.306 ASP</subfield>
    <subfield code="p">106682</subfield>
    <subfield code="r">2021-02-27 00:00:00</subfield>
    <subfield code="t">C-1</subfield>
    <subfield code="w">2021-02-27</subfield>
    <subfield code="y">BK</subfield>
    <subfield code="z">RARE</subfield>
  </datafield>
  <datafield tag="999" ind1=" " ind2=" ">
    <subfield code="c">22434</subfield>
    <subfield code="d">22434</subfield>
  </datafield>
  <controlfield tag="001">1259487</controlfield>
  <controlfield tag="003">BDDh-ASL</controlfield>
  <controlfield tag="005">20231015030131.0</controlfield>
  <controlfield tag="008">730926s1972    ii a     b    000 0 eng  </controlfield>
  <datafield tag="010" ind1=" " ind2=" ">
    <subfield code="a">   73901964 </subfield>
  </datafield>
  <datafield tag="040" ind1=" " ind2=" ">
    <subfield code="a">DLC</subfield>
    <subfield code="c">DLC</subfield>
    <subfield code="d">DLC</subfield>
    <subfield code="d">BDDh-ASL</subfield>
  </datafield>
  <datafield tag="043" ind1=" " ind2=" ">
    <subfield code="a">a-ii---</subfield>
  </datafield>
  <datafield tag="050" ind1="0" ind2="0">
    <subfield code="a">DS437</subfield>
    <subfield code="b">.A86</subfield>
  </datafield>
  <datafield tag="082" ind1="0" ind2="0">
    <subfield code="a">954.306</subfield>
    <subfield code="b">ASP </subfield>
  </datafield>
  <datafield tag="245" ind1="0" ind2="0">
    <subfield code="a">Aspects of Indian culture and society : </subfield>
    <subfield code="b">essays in felicitation of Professor Nirmal Kumar Bose / </subfield>
    <subfield code="c">Edited by Surajit Sinha.</subfield>
  </datafield>
  <datafield tag="260" ind1=" " ind2=" ">
    <subfield code="a">[Calcutta]</subfield>
    <subfield code="b">Indian Anthropological Society</subfield>
    <subfield code="c">[1972]</subfield>
  </datafield>
  <datafield tag="300" ind1=" " ind2=" ">
    <subfield code="a">248 p. : </subfield>
    <subfield code="b">illus.</subfield>
    <subfield code="c">25 cm.</subfield>
  </datafield>
  <datafield tag="350" ind1=" " ind2=" ">
    <subfield code="a">Rs30.00 ($10.00 U.S.)</subfield>
  </datafield>
  <datafield tag="504" ind1=" " ind2=" ">
    <subfield code="a">Includes bibliographies.</subfield>
  </datafield>
  <datafield tag="505" ind1="0" ind2=" ">
    <subfield code="a">Anthropology of Nirmal Kumar Bose, by S. Sinha.--An outline framework for the study of politics in village India, by F. G. Bailey.--Anthropology of Indian civilization, by G. Sarana.--Sociology of national integration, by B. K. Roy Burman.--Aspects of social change in rural Bengal in the 19th century, by B. Ghose--Scope for urban anthropology and the city of Calcutta, by S. Sinha.--Clerks and skilled manual workers: some consideration for research on Calcutta, by A. Beteille.--The recent kings of Puri; a study in secularization, by N. Patnaik.--Gandhi the humanist, by B. Bhattacharyya.--Iron smelters and the indigenous iron &amp; steel industry of India: from stagnation to atrophy, by S. Bhattacharyya.--Traditional modes of learning in Indian civilization, by B. Saraswati.--Curing and religion in South Asia, by D. G. Mandelbaum.--Religious architecture in Bengal (15th-17th century); a study of the major trends, by H. R. Sanyal.--Language, culture, and race in South India, by H. K. Rakshit.--An analysis of Mayurbhanj palaeolith industry, by A. K. Ghosh.</subfield>
  </datafield>
  <datafield tag="651" ind1=" " ind2="0">
    <subfield code="a">India</subfield>
    <subfield code="x">Civilization.</subfield>
  </datafield>
  <datafield tag="700" ind1="1" ind2=" ">
    <subfield code="a">Bose, Nirmal Kumar.</subfield>
  </datafield>
  <datafield tag="700" ind1="1" ind2=" ">
    <subfield code="a">Sinha, Surajit,</subfield>
    <subfield code="d">1926-</subfield>
    <subfield code="e">ed.</subfield>
  </datafield>
  <datafield tag="906" ind1=" " ind2=" ">
    <subfield code="a">7</subfield>
    <subfield code="b">cbc</subfield>
    <subfield code="c">orignew</subfield>
    <subfield code="d">4</subfield>
    <subfield code="e">ncip</subfield>
    <subfield code="f">19</subfield>
    <subfield code="g">y-gencatlg</subfield>
  </datafield>
  <datafield tag="942" ind1=" " ind2=" ">
    <subfield code="2">ddc</subfield>
    <subfield code="c">BK</subfield>
  </datafield>
</record>
